[Event "AUTO-OPEN-475"]
[Site "http://www.queenalice.com/game.php?id=173315"]
[Date "2007.2.24"]
[Round "2"]
[White "monicker"]
[Black "Oblivion"]
[Result "1-0"]
[WhiteElo "1753"]
[BlackElo "1664"]

1. e4 Nc6 2. Nf3 e5 3. Bc4 Bc5 4. c3 Nf6 5. d4 exd4 6. cxd4 Bb4+ 7. Bd2 Nxe4 8.
Bxf7+ Kxf7 9. Qb3+ d5 10. Bxb4 Bg4 11. Ne5+ Nxe5 12. dxe5 1-0

[Event "AUTO-OPEN-475"]
[Site "http://www.queenalice.com/game.php?id=173316"]
[Date "2007.2.24"]
[Round "2"]
[White "Oblivion"]
[Black "monicker"]
[Result "0-1"]
[WhiteElo "1678"]
[BlackElo "1739"]

1. e4 c5 2. Nf3 e6 3. d4 Nf6 4. e5 Nd5 5. c4 Nb4 6. dxc5 Bxc5 7. a3 N4c6 8. b4
Be7 9. b5 Na5 10. Nc3 O-O 11. Bd3 b6 0-1

[Event "AUTO-OPEN-475"]
[Site "http://www.queenalice.com/game.php?id=173319"]
[Date "2007.2.24"]
[Round "2"]
[White "Paulsains"]
[Black "Oblivion"]
[Result "0-1"]
[WhiteElo "1734"]
[BlackElo "1732"]

1. e4 c5 2. Nf3 e6 3. Bc4 d5 4. exd5 exd5 5. Bb5+ Bd7 6. Bxd7+ Qxd7 7. O-O Bd6
8. d4 Nc6 9. Re1+ Nge7 10. Nc3 cxd4 11. Nxd4 O-O 12. Nxc6 bxc6 13. Qf3 Ng6 14.
g3 Rab8 15. Ne2 Ne5 16. Qg2 Qg4 17. Rf1 Qxe2 0-1

[Event "AUTO-OPEN-475"]
[Site "http://www.queenalice.com/game.php?id=173320"]
[Date "2007.2.24"]
[Round "2"]
[White "Oblivion"]
[Black "Paulsains"]
[Result "1-0"]
[WhiteElo "1709"]
[BlackElo "1743"]

1. e4 c5 2. Nf3 Nc6 3. d4 cxd4 4. Nxd4 Nxd4 5. Qxd4 Qb6 6. Qxb6 axb6 7. Nc3 e5
8. Nd5 Ra4 9. f3 Bc5 10. Bb5 Ra5 11. Bd2 Ra7 12. b4 Bd4 13. c3 Bxc3 14. Bxc3 Ne7
15. Bxe5 f6 16. Bb8 Ra8 17. Nc7+ 1-0

[Event "Challenge"]
[Site "http://www.queenalice.com/game.php?id=203772"]
[Date "2007.4.29"]
[Round "-"]
[White "luizpessoa"]
[Black "Oblivion"]
[Result "1-0"]
[WhiteElo "1714"]
[BlackElo "1652"]

1. c4 e5 2. Nc3 Nf6 3. d3 Nc6 4. Bg5 h6 5. Bxf6 Qxf6 6. a3 b6 7. e4 Bc5 8. Nf3
Nd4 9. Nd5 Nxf3+ 10. Qxf3 Qxf3 11. gxf3 O-O 12. Nxc7 Rb8 13. Nd5 Bb7 14. b4 Bxd5
15. bxc5 Be6 16. cxb6 Rxb6 17. Be2 1-0

[Event "Challenge"]
[Site "http://www.queenalice.com/game.php?id=203773"]
[Date "2007.4.29"]
[Round "-"]
[White "Oblivion"]
[Black "luizpessoa"]
[Result "0-1"]
[WhiteElo "1638"]
[BlackElo "1718"]

1. e4 c5 2. Nf3 Nc6 3. d4 cxd4 4. Nxd4 e5 5. Nb5 a6 6. Nd6+ Bxd6 7. Qxd6 Nf6 8.
Nc3 b5 9. Bg5 h6 10. Nd5 Nxe4 11. Nc7+ Qxc7 12. Qxc7 hxg5 13. Bd3 Nf6 0-1

[Event "Challenge"]
[Site "http://www.queenalice.com/game.php?id=203774"]
[Date "2007.4.29"]
[Round "-"]
[White "Mike36bh"]
[Black "Oblivion"]
[Result "1-0"]
[WhiteElo "1739"]
[BlackElo "1752"]

1. d4 Nf6 2. Nc3 d5 3. Bf4 Bf5 4. Nf3 e6 5. a3 Bd6 6. Bxd6 Qxd6 7. Nb5 Qb6 8. e3
a6 9. Nc3 Qxb2 10. Na4 Qxc2 11. Qxc2 Bxc2 12. Nc3 Ne4 13. Nxe4 dxe4 14. Nd2 Nc6
15. Bc4 O-O-O 16. O-O Nxd4 17. exd4 Rxd4 18. Nxe4 Rxe4 19. Ba2 1-0

[Event "Challenge"]
[Site "http://www.queenalice.com/game.php?id=240893"]
[Date "2007.7.16"]
[Round "-"]
[White "Oblivion"]
[Black "eduardofelix"]
[Result "0-1"]
[WhiteElo "1621"]
[BlackElo "1507"]

1. e4 e5 2. Nf3 Bd6 3. Bc4 h6 4. Nxe5 Bxe5 5. d4 Bd6 6. e5 Bb4+ 7. c3 Ba5 8. b4
Bb6 9. Bxf7+ Kxf7 10. Qf3+ Ke7 11. O-O Qf8 12. Bf4 g5 13. Bg3 Qxf3 14. gxf3 a5
15. b5 c6 16. bxc6 Nxc6 17. Na3 h5 18. h4 g4 19. Rab1 Bd8 20. f4 Nh6 21. Nb5 Nf5
22. d5 Na7 23. d6+ Ke6 24. a4 Nxg3 25. fxg3 b6 26. Nd4+ Kf7 27. f5 Kg7 28. e6
Bf6 29. exd7 Bxd4+ 30. cxd4 Bxd7 31. Rxb6 Kf6 32. Rf2 Nc8 33. Rb7 Ra7 34. Rc7
Bxa4 35. Rxa7 Nxa7 36. Ra2 Be8 37. Rxa5 Nc6 38. Ra8 Rg8 39. d5 Ne5 40. Kf2 Bf7
0-1

[Event "Challenge"]
[Site "http://www.queenalice.com/game.php?id=242646"]
[Date "2007.7.20"]
[Round "-"]
[White "saavik"]
[Black "Oblivion"]
[Result "1-0"]
[WhiteElo "1578"]
[BlackElo "1563"]

1. Nf3 d5 2. d4 Nc6 3. Ne5 Nxe5 4. dxe5 e6 5. e3 Bb4+ 6. Bd2 Bxd2+ 7. Qxd2 c5 8.
Nc3 Ne7 9. Nb5 O-O 10. Nd6 Nf5 11. Nxc8 Rxc8 12. Be2 c4 13. O-O d4 14. e4 Ne7
15. Qb4 b6 16. Bxc4 a5 17. Qb5 Ng6 18. c3 Rc5 19. Qb3 Nxe5 20. Rad1 Rxc4 21.
cxd4 Rxd4 22. Rxd4 Qxd4 23. Rd1 Qxe4 24. Qxb6 Qb4 25. Qd4 Qxd4 26. Rxd4 Nc6 27.
Rc4 Nb4 28. Rc5 Ra8 29. a3 Nd3 30. Rb5 a4 31. b3 axb3 32. Rxb3 Nc1 33. Re3 h6
34. g3 f5 35. h4 1-0

[Event "Challenge"]
[Site "http://www.queenalice.com/game.php?id=250341"]
[Date "2007.8.3"]
[Round "-"]
[White "yalokin"]
[Black "Oblivion"]
[Result "1-0"]
[WhiteElo "1937"]
[BlackElo "1548"]

1. d4 Nf6 2. c4 c5 3. Nc3 cxd4 4. Qxd4 Nc6 5. Qd1 e5 6. Bg5 h6 7. Bxf6 Qxf6 8.
a3 d6 9. Nd5 Qd8 10. g3 Be6 11. Bg2 Qc8 12. Rc1 Be7 13. Nf3 Bg5 14. e3 Bg4 15.
O-O O-O 16. Qc2 1-0

[Event "Challenge"]
[Site "http://www.queenalice.com/game.php?id=250438"]
[Date "2007.8.3"]
[Round "-"]
[White "eduardofelix"]
[Black "Oblivion"]
[Result "0-1"]
[WhiteElo "1515"]
[BlackElo "1600"]

1. e4 c5 2. c3 Nf6 3. Qf3 Nc6 4. Bc4 e6 5. h3 d5 6. Bd3 Ne5 7. Qe2 c4 8. Bc2 b5
9. d4 Nd3+ 10. Bxd3 cxd3 11. Qxd3 Bd7 12. exd5 Nxd5 13. c4 bxc4 14. Qxc4 Rc8 15.
Qd3 Rxc1+ 16. Ke2 Nf4+ 17. Ke3 Nxd3 18. Kxd3 Bb5+ 19. Kd2 Qc7 0-1

[Event "Challenge"]
[Site "http://www.queenalice.com/game.php?id=250536"]
[Date "2007.8.4"]
[Round "-"]
[White "Oblivion"]
[Black "eduardofelix"]
[Result "1-0"]
[WhiteElo "1613"]
[BlackElo "1561"]

1. e4 e5 2. Nf3 f6 3. d4 Bd6 4. d5 Ne7 5. a3 c6 6. c4 cxd5 7. cxd5 h6 8. Nh4 Qb6
9. Qh5+ Kd8 10. Be3 Bc5 11. Qe2 Bxe3 12. fxe3 d6 13. h3 Bd7 14. Nc3 Qa5 15. b4
Qb6 16. Qf3 g6 17. Be2 Rf8 18. g4 Qc7 19. Rc1 g5 20. Nf5 a5 21. b5 b6 22. a4 Ra7
23. O-O Qc8 24. Nxh6 Rc7 25. Na2 Ng6 26. Nf5 Bxf5 27. exf5 Ne7 28. e4 Ng8 29.
Qf2 Rc5 30. h4 Rf7 31. hxg5 fxg5 32. Qh2 Re7 33. Qh5 Rg7 34. f6 Nxf6 35. Rxf6
Rxc1+ 36. Nxc1 Qxc1+ 37. Kg2 Qc7 38. Qh8+ Kd7 39. Qxg7+ Kc8 40. Rf8+ Kb7 41.
Qxc7+ Kxc7 42. Rf7+ Nd7 43. Rg7 Kb8 44. Rxd7 Kc8 45. Rxd6 Kc7 46. Rg6 Kd7 47.
Rxg5 Kd6 48. Rf5 Kc5 49. g5 Kb4 50. Bd1 Kc4 51. Rf3 Kd4 52. Bc2 Kc5 53. g6 1-0

[Event "AUTO-INT-566"]
[Site "http://www.queenalice.com/game.php?id=252138"]
[Date "2007.8.7"]
[Round "1"]
[White "evasion"]
[Black "Oblivion"]
[Result "1-0"]
[WhiteElo "1755"]
[BlackElo "1594"]

1. d4 Nf6 2. c4 g6 3. Nc3 Bg7 4. e4 d6 5. Nf3 e5 6. d5 O-O 7. Be2 Ng4 8. h3 Nxf2
9. Kxf2 Nd7 10. Rf1 Nc5 11. b4 Na6 12. a3 f5 13. Rb1 fxe4 14. Nxe4 Bf5 15. Bd3
b6 16. Kg1 Bxe4 17. Bxe4 c5 18. bxc5 Nxc5 19. Bc2 e4 20. Ng5 Qe8 21. Rxf8+ Bxf8
22. Qe1 h6 23. Nxe4 Nxe4 24. Qxe4 Qxe4 25. Bxe4 g5 26. Kf2 Bg7 27. Bb2 Rf8+ 28.
Kg3 Rf4 29. Bxg7 Kxg7 30. Bf3 Rxc4 31. Re1 a5 32. Re6 b5 33. Rxd6 Rc3 34. Rb6
Rxa3 35. Rxb5 1-0

[Event "AUTO-INT-566"]
[Site "http://www.queenalice.com/game.php?id=252139"]
[Date "2007.8.7"]
[Round "1"]
[White "Oblivion"]
[Black "evasion"]
[Result "0-1"]
[WhiteElo "1627"]
[BlackElo "1694"]

1. e4 e5 2. Nf3 Nc6 3. Bb5 a6 4. Bxc6 dxc6 5. O-O Bg4 6. h3 Bh5 7. d3 Qe7 8. Bg5
Bxf3 9. Qxf3 Qxg5 10. Nc3 O-O-O 11. Qg4+ Qxg4 12. hxg4 Nf6 13. Ne2 Nxg4 14. Rad1
h5 15. f3 Ne3 0-1

[Event "AUTO-INT-566"]
[Site "http://www.queenalice.com/game.php?id=252154"]
[Date "2007.8.7"]
[Round "1"]
[White "RJGF"]
[Black "Oblivion"]
[Result "1-0"]
[WhiteElo "1712"]
[BlackElo "1573"]

1. e4 c5 2. Nf3 d6 3. d4 Nf6 4. dxc5 Qa5+ 5. Nc3 Qxc5 6. Be3 Qb4 7. Qd3 Qxb2 8.
Rb1 Qa3 9. Qc4 Nc6 10. Bc1 Qc5 11. Qxc5 dxc5 12. Bb5 Bd7 13. Bf4 e5 14. Nxe5
Nxe5 15. Bxe5 1-0

[Event "AUTO-INT-566"]
[Site "http://www.queenalice.com/game.php?id=252155"]
[Date "2007.8.7"]
[Round "1"]
[White "Oblivion"]
[Black "RJGF"]
[Result "0-1"]
[WhiteElo "1584"]
[BlackElo "1701"]

1. e4 e6 2. e5 Nc6 3. d4 d6 4. exd6 Qxd6 5. Nf3 Nf6 6. Bg5 Be7 7. Nc3 Qb4 8. Qd2
O-O 9. O-O-O Rd8 10. a3 Qa5 11. b4 Qxa3+ 12. Kb1 Nxb4 13. Qc1 Qxc3 0-1

[Event "AUTO-INT-566"]
[Site "http://www.queenalice.com/game.php?id=252164"]
[Date "2007.8.7"]
[Round "1"]
[White "drpehrson"]
[Black "Oblivion"]
[Result "1-0"]
[WhiteElo "1756"]
[BlackElo "1614"]

1. c4 e5 2. g3 Nf6 3. e3 d5 4. cxd5 Qxd5 5. f3 Nc6 6. a3 e4 7. Nc3 Qd8 8. Bg2
exf3 9. Bxf3 Ne5 10. Be2 Nfg4 11. Ne4 Bf5 12. Qc2 Qd7 13. Nf3 O-O-O 14. d4 Nxf3+
15. Bxf3 Nxe3 16. Bxe3 1-0

[Event "AUTO-INT-566"]
[Site "http://www.queenalice.com/game.php?id=252165"]
[Date "2007.8.7"]
[Round "1"]
[White "Oblivion"]
[Black "drpehrson"]
[Result "0-1"]
[WhiteElo "1604"]
[BlackElo "1766"]

1. e4 c5 2. Nf3 e6 3. d4 cxd4 4. Nxd4 a6 5. Nc3 g6 6. Nf3 h6 7. Bf4 Bg7 8. Ne5
Qe7 9. a3 d6 10. Nc4 Nd7 11. Nxd6+ Kf8 12. e5 f6 13. exf6 Ngxf6 14. Bd3 g5 15.
Be5 Nxe5 0-1